00330 a2200145 450000100060000002000150000604000240002110000180004524000330006324500280009630000070012436200090013144000130014065000310015369389 a8526250884 cAnchieta - Itaigara aPuech, Michel10aOs meninos e as meninaslpor10aOs meninos e as meninas a400 a2004 1aScipione 4aLiteratura infanto-juvenil